000
00243nam a2200097Ia 4500
001
1043084
005
20250826232115.0
008
250824s9999 xx 000 0 und d
245
0
_a
BABAMIN ŞARKISI
_c
İSMAİL ÖZEN
260
_b
KETEBE YAYINLARI
999
_c
1043084
_d
1043084